000 00532nam a2200169 i 4500
001 34780
003 ES-MaACL
005 20230906155010.0
007 t|
008 030211s1931 sp ||||1| spa d
100 1 _aBonn, Maurice J.
_930215
245 1 0 _aProsperity
_b: ascensión y caída de la riqueza americana /
_cMaurice J. Bonn ; traducción del alemán de J. L. Goicolea.
260 _aMadrid :
_b[s.n.,
_c1931] (
_fGalo Sèz)
300 _a196 p. ;
_c18 cm.
700 1 _aGoicolea, J. L.
_957617
852 _aES-MaACL
_jA-409
999 _c34780
_d34780